[Event "POR Cup Teams 2017-18"]
[Site "Maia"]
[Date "2018.07.14"]
[Round "4"]
[White "Wegerle, Jorge"]
[Black "Silva, Miguel Antonio Neto"]
[Result "1-0"]
[WhiteElo "2426"]
[BlackElo "2211"]
[Annotator "TA"]
[PlyCount "63"]
[EventDate "2018.05.05"]
[EventType "team-tourn"]
[EventCountry "POR"]
[SourceTitle "playchess.com"]
[Source "ChessBase"]
[SourceQuality "1"]

{[%evp 12,62,10,14,12,10,-1,-9,-3,-30,-30,-35,0,-8,57,60,35,43,56,14,116,118,114,115,107,114,117,66,143,79,80,82,76,83,79,81,89,62,47,81,153,128,128,123,643,637,509,183,328,312,316,287,29999]} 1. d4 f5 2. Nc3 Nf6 3. Bg5 d5 4. Bxf6 exf6 5. e3 Be6 6. Bb5+ {A80: Holländische Verteidigung} (6. Qf3 Qd7 7. a3 Nc6 8. Bb5 a6 9. Ba4 b5 10. Bb3 Rd8 11. Nge2 Na5 12. Nf4 c6 13. a4 b4 14. Nce2 {1-0 (59) Bruzon Batista,L (2679)-Anton Guijarro,D (2616) Dubai 2016}) 6... c6 7. Bd3 {LiveBook: 13 Partien} g6 8. Nge2 {Die Stellung ist ausgeglichen.} Nd7 9. Nf4 Bf7 10. Qf3 Bd6 11. h3 {[%cal Bh2h3,Bh3g4][%mdl 32]} h5 12. O-O-O $146 ({Vorgänger:} 12. g4 Bxf4 13. exf4 Qe7+ {½-½ (52) Zaja,I (2461)-Corvi,M (2343) Kallithea 2008}) 12... h4 (12... Rg8 $11) 13. g4 $1 $14 hxg3 14. fxg3 Qa5 15. g4 (15. h4 {feels hotter.} Bb4 16. Nfe2 O-O-O 17. h5 Rxh5 18. Rxh5 gxh5 19. a3) 15... fxg4 (15... O-O-O $1 $11) 16. hxg4 $16 O-O-O 17. Rxh8 Rxh8 18. Bxg6 Bxg6 19. Nxg6 Rh2 ({Günstiger ist} 19... Re8 $14) 20. Nf4 ({Besser ist} 20. e4) 20... Nb6 {[#]} 21. Rh1 $1 {[%cal Rh1h2]} Rxh1+ 22. Qxh1 Bxf4 23. Qh8+ Kc7 24. Qh7+ Kb8 $1 25. exf4 {[#] zielt auf De7 ab.} Nc4 (25... Qb4 $142) 26. Qg8+ Kc7 {Schwarz will ...Db4 spielen.} 27. Qf7+ Kb6 $2 {[%mdl 8192]} (27... Kc8 $16) 28. Qe7 $18 Ka6 29. Qc5 $2 (29. a3 {Droht stark g5.} Kb6 30. Nb1) 29... Qd8 (29... Qxc5 {ist eine bessere Verteidigung.} 30. dxc5 b6) 30. b3 Ne3 31. b4 {Droht Matt per b5+.} Qe8 $2 (31... Qb6 $18 32. g5 fxg5) 32. Qa5# {Precision: Weiß = 52%, Schwarz = 32%.} 1-0

[Event "POR Cup Teams 2017-18"]
[Site "Maia"]
[Date "2018.07.14"]
[Round "4"]
[White "Lombaers, Peter"]
[Black "Butkiewicz, Lukasz"]
[Result "1-0"]
[WhiteElo "2361"]
[BlackElo "2447"]
[Annotator "TA"]
[PlyCount "93"]
[EventDate "2018.05.05"]
[EventType "team-tourn"]
[EventCountry "POR"]
[SourceTitle "playchess.com"]
[Source "ChessBase"]
[SourceQuality "1"]

{[%evp 19,93,21,17,26,12,14,33,37,33,37,31,16,27,11,7,27,10,0,55,57,64,72,66,61,66,72,102,97,94,69,116,101,173,176,191,179,208,110,109,113,107,106,114,112,170,172,254,250,258,229,373,364,351,301,339,340,308,262,990,1025,1015,485,5069,2664,6320,2654,29963,29958,29957,29965,29964,29964,6993,5620,29979,29980]} 1. c4 Nf6 2. g3 e6 3. Bg2 d5 4. Nf3 dxc4 5. Qa4+ c6 6. Qxc4 b5 {A13: English Opening: 1...e6} 7. Qb3 Bb7 8. O-O Be7 9. d4 Nbd7 (9... O-O 10. Rd1 Nbd7 11. Nc3 Qb6 12. Bg5 h6 13. Bxf6 Nxf6 14. Ne5 {1-0 (27) Grischuk,A (2766)-Karjakin,S (2782) Leuven 2018}) 10. Nc3 a6 {LiveBook: 4 Games} 11. Ne5 Nxe5 12. dxe5 Nd7 13. Ne4 $146 ({Predecessor:} 13. Rd1 Qc8 14. Ne4 {½-½ (22) Markowski,T (2564)-Sargissian,G (2611) Merida 2005}) 13... O-O 14. Rd1 Qc8 15. Nd6 Bxd6 $1 16. exd6 c5 17. e4 c4 18. Qc2 Bc6 (18... f5 $11) 19. b3 $14 cxb3 20. axb3 Qb7 21. Be3 f5 {[%cal Rc6e4]} 22. f3 Rac8 {next ...Bxe4 is good for Black.} 23. Qa2 fxe4 24. Qxa6 exf3 25. Bh3 Rfe8 (25... Qxa6 $16 26. Bxe6+ (26. Rxa6 Kf7 $16) 26... Kh8 27. Rxa6 Rce8) 26. Qxb7 $18 Bxb7 27. Ra7 $36 {[%mdl 2048] White is on the roll.} Bc6 {[#]} 28. Rc1 (28. Bd4 $1 $18) 28... Nf6 $16 29. Rc7 Rxc7 30. dxc7 Bd7 31. Kf2 Rf8 (31... Kf7 $16) 32. Kxf3 $18 Nd5+ (32... Kf7 {was necessary.} 33. Bf1 e5 34. Bxb5 Bxb5) 33. Ke4 Rc8 34. Bf4 $1 Nxf4 (34... Kf7 $142 35. Bd6 Nf6+ 36. Ke5 Ra8) 35. gxf4 {[%mdl 4096] [#] Endgame Hoping for Ke5. KRB-KRB} Kf7 36. Ke5 {And now Kd6 would win.} Ke7 37. Bg2 Rf8 38. Bb7 Bc8 $2 (38... Rf5+ 39. Ke4 Rh5) 39. Bxc8 Rxc8 {KR-KR} 40. h4 (40. Rg1 $142 g6 41. Rc1) 40... g6 (40... Kd7 $142 41. h5 g6) 41. b4 h6 42. Rc2 (42. Rc3 $142 h5 43. Rc5) 42... h5 43. Rc1 Kd7 44. Kf6 Rf8+ 45. Kg7 Rc8 46. Kxg6 Rg8+ 47. Kf7 {Precision: White = 71%, Black = 45%.} 1-0

[Event "POR Cup Teams 2017-18"]
[Site "Maia"]
[Date "2018.07.14"]
[Round "4"]
[White "Senlle Caride, Miguel"]
[Black "Gomes, Bruno Miguel De Sou"]
[Result "1/2-1/2"]
[WhiteElo "2318"]
[BlackElo "2286"]
[Annotator "NA"]
[PlyCount "56"]
[EventDate "2018.05.05"]
[EventType "team-tourn"]
[EventCountry "POR"]
[SourceTitle "playchess.com"]
[Source "ChessBase"]
[SourceQuality "1"]
[TimeControl "5400+30"]

1. e4 {[%emt 0:00:00]} c6 {[%emt 0:00:00]} 2. d4 {[%emt 0:00:00]} d5 {[%emt 0:00:00]} 3. Nd2 {[%emt 0:00:00]} dxe4 {[%emt 0:00:52]} 4. Nxe4 {[%emt 0:00:00]} Nf6 {[%emt 0:00:20]} 5. Nxf6+ {[%emt 0:01:04]} exf6 {[%emt 0:00:07]} 6. c3 {[%emt 0:04:46]} Bd6 {[%emt 0:00:18]} 7. Bd3 {[%emt 0:02:40]} O-O {[%emt 0:00:54]} 8. Ne2 {[%emt 0:00:08]} Qc7 {[%emt 0:01:40]} 9. h3 {[%emt 0:00:27]} Re8 {[%emt 0:05:12]} 10. O-O {[%emt 0:02:28]} Be6 {[%emt 0:08:38]} 11. c4 {[%emt 0:06:21]} Rd8 {[%emt 0:14:08]} 12. c5 {[%emt 0:30:42]} Bf8 {[%emt 0:03:14]} 13. Nf4 {[%emt 0:00:15]} Qd7 {[%emt 0:05:55]} 14. Qc2 {[%emt 0:11:11]} g6 {[%emt 0:03:43]} 15. Re1 {[%emt 0:16:03]} Bd5 {[%emt 0:05:46]} 16. Be3 {[%emt 0:02:38]} a5 {[%emt 0:01:42]} 17. b3 {[%emt 0:07:49]} Na6 {[%emt 0:03:24]} 18. Bc4 {[%emt 0:01:32]} Nc7 {[%emt 0:04:04]} 19. Rad1 {[%emt 0:00:23]} Bg7 {[%emt 0:04:41]} 20. Qc1 {[%emt 0:08:47]} Re8 {[%emt 0:04:23]} 21. Nxd5 {[%emt 0:01:07]} Nxd5 {[%emt 0:01:37]} 22. Bh6 {[%emt 0:01:16]} Qf5 {[%emt 0:06:23]} 23. Bxg7 {[%emt 0:00:09]} Kxg7 {[%emt 0:00:02]} 24. Rxe8 {[%emt 0:00:32]} Rxe8 {[%emt 0:00:18]} 25. Re1 {[%emt 0:00:03]} Rd8 {[%emt 0:07:11]} 26. Bxd5 {[%emt 0:00:11]} Rxd5 {[%emt 0:00:23]} 27. Qc3 {[%emt 0:00:32]} Qf4 {[%emt 0:01:20]} 28. Rd1 {[%emt 0:00:14]} Qc7 {[%emt 0:03:06]} 1/2-1/2

[Event "POR Cup Teams 2017-18"]
[Site "Maia"]
[Date "2018.07.14"]
[Round "4"]
[White "De Paiva, Pedro Henrique"]
[Black "Novais, Carlos Joao Fernand"]
[Result "1-0"]
[WhiteElo "2302"]
[BlackElo "2121"]
[Annotator "NA"]
[PlyCount "87"]
[EventDate "2018.05.05"]
[EventType "team-tourn"]
[EventCountry "POR"]
[SourceTitle "playchess.com"]
[Source "ChessBase"]
[SourceQuality "1"]
[TimeControl "5400+30"]

1. b3 {[%emt 0:00:00]} Nf6 {[%emt 0:02:08]} 2. Bb2 {[%emt 0:00:01]} e6 {[%emt 0:00:05]} 3. e3 {[%emt 0:00:36]} Be7 {[%emt 0:00:16]} 4. Nf3 {[%emt 0:01:23]} d5 {[%emt 0:03:25]} 5. c4 {[%emt 0:01:45]} O-O {[%emt 0:00:49]} 6. Be2 {[%emt 0:00:27]} c5 {[%emt 0:00:11]} 7. O-O {[%emt 0:01:13]} Nc6 {[%emt 0:00:10]} 8. d4 {[%emt 0:03:10]} dxc4 {[%emt 0:11:14]} 9. Bxc4 {[%emt 0:07:37]} a6 {[%emt 0:02:41]} 10. a3 {[%emt 0:04:18]} b5 {[%emt 0:02:30]} 11. Be2 {[%emt 0:01:30]} Bb7 {[%emt 0:00:12]} 12. dxc5 {[%emt 0:00:51]} Bxc5 {[%emt 0:00:09]} 13. Qxd8 {[%emt 0:03:14]} Rfxd8 {[%emt 0:00:09]} 14. Nbd2 {[%emt 0:01:45]} e5 {[%emt 0:21:53]} 15. Rfd1 {[%emt 0:10:56]} Re8 {[%emt 0:04:26]} 16. Rac1 {[%emt 0:02:08]} Bb6 {[%emt 0:00:18]} 17. Ng5 {[%emt 0:04:22]} Rad8 {[%emt 0:10:10]} 18. Bf3 {[%emt 0:03:46]} Na5 {[%emt 0:00:59]} 19. b4 {[%emt 0:01:51]} Bxf3 {[%emt 0:05:44]} 20. Ngxf3 {[%emt 0:00:44]} Nb7 {[%emt 0:01:09]} 21. Nxe5 {[%emt 0:01:13]} Nd5 {[%emt 0:04:57]} 22. Nf1 {[%emt 0:00:22]} f6 {[%emt 0:00:27]} 23. Nc6 {[%emt 0:03:15]} Rd6 {[%emt 0:00:16]} 24. Bd4 {[%emt 0:00:31]} Ree6 {[%emt 0:07:17]} 25. Bxb6 {[%emt 0:03:48]} Rxc6 {[%emt 0:00:05]} 26. Bd4 {[%emt 0:03:43]} Kf7 {[%emt 0:01:33]} 27. Nd2 {[%emt 0:01:30]} Ke8 {[%emt 0:01:37]} 28. Nb3 {[%emt 0:00:12]} Rxc1 {[%emt 0:00:14]} 29. Rxc1 {[%emt 0:00:05]} Kd7 {[%emt 0:00:10]} 30. Bc5 {[%emt 0:01:28]} Nc7 {[%emt 0:04:11]} 31. Rd1+ {[%emt 0:02:02]} Kc8 {[%emt 0:00:24]} 32. Bf8 {[%emt 0:03:49]} g6 {[%emt 0:00:08]} 33. Nd4 {[%emt 0:00:07]} Re8 {[%emt 0:00:50]} 34. Bg7 {[%emt 0:00:24]} f5 {[%emt 0:00:14]} 35. Rc1 {[%emt 0:00:17]} Kd7 {[%emt 0:00:33]} 36. Nf3 {[%emt 0:01:25]} Ne6 {[%emt 0:01:43]} 37. Bf6 {[%emt 0:00:09]} Rf8 {[%emt 0:01:39]} 38. Ne5+ {[%emt 0:10:50]} Kd6 {[%emt 0:00:15]} 39. Rd1+ {[%emt 0:00:05]} Kc7 {[%emt 0:00:06]} 40. Nd7 {[%emt 0:00:10]} Rf7 {[%emt 0:01:12]} 41. Be5+ {[%emt 0:00:08]} Kc6 {[%emt 0:00:33]} 42. Nf6 {[%emt 0:01:12]} Nf8 {[%emt 0:01:57]} 43. Rc1+ {[%emt 0:00:21]} Kb6 {[%emt 0:00:05]} 44. Bd4+ {[%emt 0:00:06]} 1-0

[Event "POR Cup Teams 2017-18"]
[Site "Maia"]
[Date "2018.07.14"]
[Round "4"]
[White "Diogo, Vasco"]
[Black "Ferreira, Paulo"]
[Result "1-0"]
[WhiteElo "2224"]
[BlackElo "2054"]
[Annotator "NA"]
[PlyCount "75"]
[EventDate "2018.05.05"]
[EventType "team-tourn"]
[EventCountry "POR"]
[SourceTitle "playchess.com"]
[Source "ChessBase"]
[SourceQuality "1"]
[TimeControl "5400+30"]

1. e4 {[%emt 0:00:00]} c5 {[%emt 0:00:00]} 2. Nf3 {[%emt 0:00:00]} a6 {[%emt 0:00:00]} 3. d4 {[%emt 0:00:46]} cxd4 {[%emt 0:00:00]} 4. Nxd4 {[%emt 0:00:06]} e5 {[%emt 0:00:08]} 5. Nf3 {[%emt 0:01:46]} Nf6 {[%emt 0:00:19]} 6. Bc4 {[%emt 0:01:39]} Be7 {[%emt 0:02:35]} 7. O-O {[%emt 0:01:33]} Nc6 {[%emt 0:00:42]} 8. Re1 {[%emt 0:05:01]} O-O {[%emt 0:00:30]} 9. Nc3 {[%emt 0:03:55]} d6 {[%emt 0:00:45]} 10. h3 {[%emt 0:02:23]} h6 {[%emt 0:05:09]} 11. a4 {[%emt 0:03:47]} Qc7 {[%emt 0:02:26]} 12. Qe2 {[%emt 0:01:56]} Nb4 {[%emt 0:05:27]} 13. Bb3 {[%emt 0:04:24]} b6 {[%emt 0:03:10]} 14. Be3 {[%emt 0:06:41]} Bb7 {[%emt 0:02:07]} 15. Nd2 {[%emt 0:05:16]} d5 {[%emt 0:04:26]} 16. exd5 {[%emt 0:02:26]} Nbxd5 {[%emt 0:02:09]} 17. Nxd5 {[%emt 0:01:58]} Nxd5 {[%emt 0:02:07]} 18. Nc4 {[%emt 0:06:05]} Bf6 {[%emt 0:02:20]} 19. a5 {[%emt 0:05:29]} b5 {[%emt 0:05:43]} 20. Nd2 {[%emt 0:04:25]} Nf4 {[%emt 0:02:53]} 21. Bxf4 {[%emt 0:01:40]} exf4 {[%emt 0:00:08]} 22. c3 {[%emt 0:00:31]} Qc6 {[%emt 0:01:55]} 23. Ne4 {[%emt 0:05:24]} Kh8 {[%emt 0:02:29]} 24. Rad1 {[%emt 0:04:26]} Rad8 {[%emt 0:02:58]} 25. Qh5 {[%emt 0:03:39]} Rxd1 {[%emt 0:05:26]} 26. Bxd1 {[%emt 0:02:56]} Bd8 {[%emt 0:03:51]} 27. Bf3 {[%emt 0:02:08]} Qe6 {[%emt 0:00:46]} 28. Re2 {[%emt 0:01:15]} Qa2 {[%emt 0:06:36]} 29. Kh2 {[%emt 0:08:08]} Qxa5 {[%emt 0:03:23]} 30. Nd6 {[%emt 0:04:25]} Bxf3 {[%emt 0:00:43]} 31. Nxf7+ {[%emt 0:01:57]} Kg8 {[%emt 0:08:46]} 32. Nxh6+ {[%emt 0:00:21]} Kh7 {[%emt 0:03:27]} 33. Ng4+ {[%emt 0:00:08]} Kg8 {[%emt 0:00:07]} 34. gxf3 {[%emt 0:00:44]} b4 {[%emt 0:01:46]} 35. Re5 {[%emt 0:01:03]} Qb6 {[%emt 0:00:40]} 36. cxb4 {[%emt 0:00:42]} Bf6 {[%emt 0:02:17]} 37. Qg6 {[%emt 0:03:00]} Qd4 {[%emt 0:01:26]} 38. Rh5 {[%emt 0:01:26]} 1-0

[Event "POR Cup Teams 2017-18"]
[Site "Maia"]
[Date "2018.07.14"]
[Round "4"]
[White "Dias, Ivo Rodrigues"]
[Black "Silva, Miguel Antonio Neto"]
[Result "0-1"]
[WhiteElo "2138"]
[BlackElo "2211"]
[Annotator "NA"]
[PlyCount "50"]
[EventDate "2018.05.05"]
[EventType "team-tourn"]
[EventCountry "POR"]
[SourceTitle "playchess.com"]
[Source "ChessBase"]
[SourceQuality "1"]
[TimeControl "5400+30"]

1. e4 {[%emt 0:00:00]} c5 {[%emt 0:00:10]} 2. Nc3 {[%emt 0:00:07]} Nc6 {[%emt 0:00:59]} 3. Nf3 {[%emt 0:03:50]} g6 {[%emt 0:03:56]} 4. d4 {[%emt 0:02:41]} cxd4 {[%emt 0:00:30]} 5. Nxd4 {[%emt 0:00:09]} Bg7 {[%emt 0:00:06]} 6. Be3 {[%emt 0:01:52]} Nf6 {[%emt 0:00:26]} 7. Bc4 {[%emt 0:01:30]} O-O {[%emt 0:04:14]} 8. Bb3 {[%emt 0:02:08]} d6 {[%emt 0:00:48]} 9. h3 {[%emt 0:01:09]} Bd7 {[%emt 0:00:23]} 10. O-O {[%emt 0:00:18]} Rc8 {[%emt 0:00:49]} 11. f4 {[%emt 0:07:33]} Nxd4 {[%emt 0:05:55]} 12. Bxd4 {[%emt 0:00:17]} Bc6 {[%emt 0:00:24]} 13. Qd3 {[%emt 0:06:53]} Qa5 {[%emt 0:04:24]} 14. e5 {[%emt 0:15:44]} dxe5 {[%emt 0:12:44]} 15. fxe5 {[%emt 0:02:27]} Nd5 {[%emt 0:00:22]} 16. e6 {[%emt 0:31:17]} fxe6 {[%emt 0:14:46]} 17. Bxg7 {[%emt 0:05:41]} Kxg7 {[%emt 0:00:16]} 18. Qd4+ {[%emt 0:02:07]} Nf6 {[%emt 0:02:18]} 19. Rae1 {[%emt 0:03:05]} Qg5 {[%emt 0:01:23]} 20. Ne4 {[%emt 0:05:43]} Qh4 {[%emt 0:04:33]} 21. g4 {[%emt 0:05:24]} Bxe4 {[%emt 0:02:08]} 22. Rxe4 {[%emt 0:00:10]} Qg3+ {[%emt 0:00:07]} 23. Kh1 {[%emt 0:00:05]} Qxh3+ {[%emt 0:00:08]} 24. Kg1 {[%emt 0:00:02]} Qg3+ {[%emt 0:00:07]} 25. Kh1 {[%emt 0:00:14]} Rcd8 {[%emt 0:00:47]} 0-1

[Event "POR Cup Teams 2017-18"]
[Site "Maia"]
[Date "2018.07.14"]
[Round "4"]
[White "Rodrigues, Jose A A"]
[Black "Luch, Michal"]
[Result "1/2-1/2"]
[WhiteElo "2101"]
[BlackElo "2396"]
[Annotator "NA"]
[PlyCount "26"]
[EventDate "2018.05.05"]
[EventType "team-tourn"]
[EventCountry "POR"]
[SourceTitle "playchess.com"]
[Source "ChessBase"]
[SourceQuality "1"]
[TimeControl "5400+30"]

1. d4 {[%emt 0:00:00]} Nf6 {[%emt 0:00:00]} 2. c4 {[%emt 0:00:00]} e6 {[%emt 0:00:00]} 3. Nc3 {[%emt 0:00:00]} Bb4 {[%emt 0:00:30]} 4. Qc2 {[%emt 0:00:10]} O-O {[%emt 0:00:41]} 5. Nf3 {[%emt 0:00:08]} b6 {[%emt 0:06:22]} 6. e4 {[%emt 0:04:22]} Bb7 {[%emt 0:05:51]} 7. Bd3 {[%emt 0:00:13]} d5 {[%emt 0:00:28]} 8. cxd5 {[%emt 0:00:56]} exd5 {[%emt 0:00:09]} 9. e5 {[%emt 0:00:16]} Ne4 {[%emt 0:00:49]} 10. O-O {[%emt 0:00:21]} Bxc3 {[%emt 0:15:29]} 11. bxc3 {[%emt 0:00:04]} c5 {[%emt 0:00:25]} 12. Nd2 {[%emt 0:03:42]} f5 {[%emt 0:14:33]} 13. f3 {[%emt 0:02:25]} Nxd2 {[%emt 0:05:12]} 1/2-1/2

[Event "POR Cup Teams 2017-18"]
[Site "Maia"]
[Date "2018.07.14"]
[Round "4"]
[White "Romano, Luis Miguel"]
[Black "Marques, Ricardo Taborda Tri"]
[Result "1/2-1/2"]
[WhiteElo "2083"]
[BlackElo "1876"]
[Annotator "NA"]
[PlyCount "70"]
[EventDate "2018.05.05"]
[EventType "team-tourn"]
[EventCountry "POR"]
[SourceTitle "playchess.com"]
[Source "ChessBase"]
[SourceQuality "1"]
[TimeControl "5400+30"]

1. e4 {[%emt 0:00:00]} e6 {[%emt 0:00:00]} 2. d4 {[%emt 0:00:00]} d5 {[%emt 0:00:00]} 3. Nd2 {[%emt 0:00:20]} c5 {[%emt 0:00:09]} 4. exd5 {[%emt 0:00:07]} Qxd5 {[%emt 0:00:20]} 5. Ngf3 {[%emt 0:00:06]} cxd4 {[%emt 0:00:16]} 6. Bc4 {[%emt 0:00:07]} Qd7 {[%emt 0:00:19]} 7. O-O {[%emt 0:01:03]} Nc6 {[%emt 0:01:04]} 8. Nb3 {[%emt 0:00:43]} a6 {[%emt 0:02:16]} 9. Nbxd4 {[%emt 0:00:24]} Nxd4 {[%emt 0:00:08]} 10. Nxd4 {[%emt 0:00:08]} Qc7 {[%emt 0:04:59]} 11. Bd3 {[%emt 0:06:14]} Nf6 {[%emt 0:02:17]} 12. Qf3 {[%emt 0:03:26]} Bd6 {[%emt 0:03:43]} 13. Kh1 {[%emt 0:02:02]} Bd7 {[%emt 0:01:01]} 14. Be3 {[%emt 0:03:11]} O-O-O {[%emt 0:08:47]} 15. Rfd1 {[%emt 0:13:40]} Kb8 {[%emt 0:03:16]} 16. c4 {[%emt 0:02:50]} e5 {[%emt 0:21:38]} 17. Nf5 {[%emt 0:01:53]} Bc6 {[%emt 0:06:02]} 18. Qg3 {[%emt 0:02:42]} Bf8 {[%emt 0:06:55]} 19. Bg5 {[%emt 0:15:41]} Re8 {[%emt 0:05:16]} 20. Bxf6 {[%emt 0:05:19]} gxf6 {[%emt 0:00:08]} 21. f3 {[%emt 0:00:23]} Bc5 {[%emt 0:02:32]} 22. Qh4 {[%emt 0:02:09]} Rhg8 {[%emt 0:06:21]} 23. Rab1 {[%emt 0:01:55]} a5 {[%emt 0:01:58]} 24. a3 {[%emt 0:02:03]} a4 {[%emt 0:00:13]} 25. Be4 {[%emt 0:00:29]} Rg5 {[%emt 0:05:52]} 26. b4 axb3 {[%emt 0:00:16]} 27. Rxb3 {[%emt 0:09:14]} Rxf5 {[%emt 0:03:13]} 28. Bxf5 {[%emt 0:00:30]} Ba4 {[%emt 0:00:13]} 29. Rdb1 {[%emt 0:05:57]} Bxb3 {[%emt 0:00:17]} 30. Rxb3 {[%emt 0:00:05]} Rd8 {[%emt 0:00:14]} 31. g3 {[%emt 0:02:33]} Rd1+ {[%emt 0:07:46]} 32. Kg2 {[%emt 0:00:40]} Rd2+ {[%emt 0:00:21]} 33. Kh1 {[%emt 0:13:58]} Rd1+ {[%emt 0:01:49]} 34. Kg2 {[%emt 0:00:05]} Rd2+ {[%emt 0:00:08]} 35. Kh1 {[%emt 0:00:16]} Rd1+ 1/2-1/2

[Event "POR Cup Teams 2017-18"]
[Site "Maia"]
[Date "2018.07.15"]
[Round "5"]
[White "Butkiewicz, Lukasz"]
[Black "Senlle Caride, Miguel"]
[Result "1-0"]
[WhiteElo "2447"]
[BlackElo "2318"]
[Annotator "TA"]
[PlyCount "75"]
[EventDate "2018.05.05"]
[EventType "team-tourn"]
[EventCountry "POR"]
[SourceTitle "playchess.com"]
[Source "ChessBase"]
[SourceQuality "1"]

{[%evp 21,75,30,57,43,59,49,43,55,159,150,162,161,158,155,154,155,176,177,166,139,161,150,152,142,138,110,131,106,105,97,197,188,175,152,250,233,345,282,284,277,438,445,771,317,294,224,224,224,279,214,202,186,181,149,758,764]} 1. e4 {Marin,M} e5 2. Nf3 Nc6 3. Bb5 a6 4. Ba4 Nf6 5. O-O b5 6. Bb3 Bc5 7. a4 Rb8 {C78: Ruy Lopez: Archangelsk and Möller Defences} 8. c3 O-O 9. d4 Bb6 10. dxe5 Ng4 11. Bf4 Qe7 {[%cal Rg4e5] LiveBook: 4 Games} 12. axb5 axb5 {[%cal Rg4e5]} 13. Qd5 Bb7 $1 14. Qxb5 {[#]} Na5 $146 (14... Ba8 $14 15. Qc4 Ncxe5 16. Nxe5 Nxe5 17. Bxe5 Qxe5) ({Predecessor:} 14... Ba8 15. Qc4 Ncxe5 16. Nxe5 Nxe5 17. Bxe5 Qxe5 {½-½ (54) Shirov,A (2699)-Adams,M (2734) Elista 2007 CBM 119 [Marin,M]}) 15. Rxa5 $16 {Black must now prevent Nd4.} Bc6 16. Qe2 Bxa5 17. Nbd2 {[%cal Bb1d2,Bd2c4,Bc4e3,Be3f5][%mdl 32]} Bb5 18. Bc4 Bxc4 19. Nxc4 Bb6 20. Nd4 Bxd4 21. cxd4 {[%cal Bc3d4,Bd4d5][%mdl 32]} Qe6 22. h3 Nh6 23. Ne3 Kh8 24. Rd1 Ng8 25. Nf5 Rb3 (25... Qb6 $16) 26. d5 $18 ({And not} 26. Qg4 Qg6 $14) 26... Qb6 27. Bc1 $40 {[%mdl 128] White attacks with force.} ({But not} 27. Qg4 $6 Qg6 $16) 27... Re8 (27... Rb4 $16 {might work better.} 28. Qf3 (28. Qg4 g6 $16) 28... Qg6) 28. d6 {Hoping for Qc4.} Rxe5 (28... c6 {is a better defense.}) 29. dxc7 Qxc7 30. Bf4 f6 (30... Qa5 $142 31. Bxe5 Qxe5) 31. Nd6 {[%cal Rd6f7]} g6 (31... Ne7 $142 32. Bxe5 fxe5) 32. Bxe5 (32. Qg4 $142) 32... fxe5 33. Qd2 Qc5 34. Kh2 Nf6 35. f3 Rb6 36. Nf7+ Kg7 {[#]} 37. Nh6 $1 Qd4 $2 {[%mdl 8192] [#]} (37... d5 $16) 38. Nf5+ $1 {[%mdl 512] Precision: White = 67%, Black = 37%.} 1-0

[Event "POR Cup Teams 2017-18"]
[Site "Maia"]
[Date "2018.07.15"]
[Round "5"]
[White "Luch, Michal"]
[Black "De Paiva, Pedro Henrique"]
[Result "1-0"]
[WhiteElo "2396"]
[BlackElo "2302"]
[Annotator "TA"]
[PlyCount "115"]
[EventDate "2018.05.05"]
[EventType "team-tourn"]
[EventCountry "POR"]
[SourceTitle "playchess.com"]
[Source "ChessBase"]
[SourceQuality "1"]

{[%evp 18,115,5,-4,0,-16,0,0,0,-14,-9,-19,-11,-19,1,8,13,7,25,-61,114,109,103,112,114,114,112,112,140,89,79,86,90,97,231,77,78,76,77,78,97,91,91,89,99,82,92,66,65,64,96,100,114,113,127,120,114,121,146,147,209,171,198,178,177,147,150,128,152,148,155,166,159,158,137,135,165,138,153,135,103,146,131,79,81,39,56,32,58,78,108,115,504,501,754,760,1074,965,756,750]} 1. c4 e5 2. Nc3 Nc6 3. g3 g6 4. Bg2 Bg7 5. Rb1 a5 6. a3 d6 7. b4 axb4 8. axb4 Nf6 9. e3 {A25: English Opening vs King's Indian with ...Nc6 but without early d3} (9. b5 Ne7 10. Nf3 O-O 11. O-O Bf5 12. d3 Qd7 13. Bg5 c6 14. bxc6 bxc6 15. c5 Ned5 16. Nxd5 Nxd5 17. Qc2 dxc5 {½-½ (58) Svidler,P (2753)-Yu,Y (2759) Shenzhen 2018}) 9... O-O 10. Nge2 {LiveBook: 6 Games} Re8 11. d3 {The position is equal.} Ne7 12. O-O $146 ({Predecessor:} 12. Qb3 c6 13. O-O d5 14. Bb2 Be6 15. Rfd1 dxc4 16. dxc4 Qc7 17. Rbc1 {½-½ (41) Wenzel,R (1930)-Lieb,H (2275) Germany 1991}) 12... d5 13. Bb2 c6 14. cxd5 Nexd5 15. b5 cxb5 16. Nxb5 Bd7 17. Bc1 Bc6 18. d4 (18. e4 $11 Nc7 19. Nxc7 Qxc7 20. Nc3) 18... Bxb5 $2 {[#]} (18... Ra5 $15 {keeps the upper hand.} 19. dxe5 Rxb5 20. Rxb5 Bxb5 21. exf6 Nxf6 22. Qxd8 Rxd8) 19. Rxb5 $16 exd4 20. Qxd4 {[%cal Rg2d5]} Ra5 21. Rxb7 Ne4 22. Qd3 Qc8 23. Bxe4 (23. Qb3 $142 Nd6 {[#]} 24. Rxf7 $3 {[%mdl 512]} (24. Bxd5 Rxd5 25. Qxd5 Nxb7 $16) 24... Nxf7 25. Bxd5) 23... Qxb7 24. Rd1 {[%cal Re4d5]} Rxe4 25. Qxe4 Qb5 (25... Qa8 $16 {was worth a try.}) 26. Qc2 $2 (26. Nf4 $18 {and the rest is easy.} Nxf4 27. exf4 (27. Qxf4 Ra8 $14)) 26... Ra8 27. Qd3 Qxd3 28. Rxd3 Nf6 29. Kg2 h5 30. Ra3 Rd8 31. Nc3 Ng4 32. h3 Ne5 33. e4 Nd3 34. Bg5 Re8 35. Nd5 Ne1+ 36. Kf1 Nc2 37. Ra4 Rb8 38. Nf6+ Kh8 (38... Bxf6 $16 39. Bxf6 Kf8) 39. Ra7 Bxf6 40. Bxf6+ $18 {[%mdl 4096] Endgame KRB-KRN} Kg8 41. Rd7 Nb4 42. e5 Nc6 43. e6 fxe6 44. Rg7+ Kf8 45. Rxg6 Kf7 46. Rh6 Rb5 47. h4 Ne5 48. Bg5 Ng4 49. Rxh5 Rf5 50. f4 (50. Kg2 $142) 50... Rb5 $16 51. Rh8 {And now h5 would win.} Rb1+ 52. Ke2 Rb2+ 53. Kf3 Nh2+ 54. Ke4 {Strongly threatening Rh7+.} Rg2 $2 {[%mdl 8192]} (54... Re2+ $16 {is tougher.} 55. Kd3 Rg2) 55. Rh7+ $18 {White is clearly winning.} Kg6 (55... Kg8 $142 56. Re7 Re2+ 57. Kd3 Rg2 58. Rxe6 Rxg3+ 59. Ke4 Ra3) 56. Rh6+ Kg7 57. Rxe6 Nf1 58. Kf3 {Precision: White = 48%, Black = 35%.} 1-0